00266nam a2200109Ia 4500008004100000100001700041245003500058260002500093260000900118546001200127999001700139170619s9999 xx 000 0 und d aDaniel Jones 0aEnglish Pronouncing Dictionary bCambridge Uni. Press c1998 aENGLISH c16519d16519